[Event "Loire-ch op 0506"]
[Site "Loire"]
[Date "2005.11.27"]
[Round "2"]
[White "Daillere, Roland"]
[Black "Moleins, Jean Pierre"]
[Result "1-0"]
[WhiteElo "1499"]
[BlackElo "1650"]
[PlyCount "30"]
[EventDate "2005.11.27"]
[EventType "swiss"]
[EventRounds "6"]
[EventCountry "FRA"]
[SourceTitle "EXT 2008"]
[Source "ChessBase"]
[SourceDate "2007.11.25"]
[SourceVersion "1"]
[SourceVersionDate "2007.11.25"]
[SourceQuality "1"]

1. e4 e5 2. Nf3 Nc6 3. d4 exd4 4. Nxd4 Nxd4 5. Qxd4 d6 6. Bc4 Nf6 7. Bg5 Be7 8. 0-0 0-0 9. Nc3 a6 10. Rad1 c5 11. Qd2 h6 12. Bh4 Nxe4 13. Qe3 Bxh4 14. Nxe4 Re8 15. Qf4 Be7 1-0

[Event "Loire-ch op 0405"]
[Site "Loire"]
[Date "2004.11.27"]
[Round "3"]
[White "Moleins, Jean Pierre"]
[Black "Paratcha, Yohan"]
[Result "1-0"]
[WhiteElo "1499"]
[BlackElo "1310"]
[PlyCount "67"]
[EventDate "2004.10.16"]
[EventType "swiss"]
[EventRounds "9"]
[EventCountry "FRA"]
[SourceTitle "EXT 2008"]
[Source "ChessBase"]
[SourceDate "2007.11.25"]
[SourceVersion "1"]
[SourceVersionDate "2007.11.25"]
[SourceQuality "1"]

1. e4 e5 2. Nf3 Nc6 3. Bb5 Nf6 4. Nc3 d5 5. exd5 Nxd5 6. 0-0 Bd6 7. Nxd5 Bc5 8. Nc3 0-0 9. Bxc6 bxc6 10. Nxe5 Qe8 11. d4 Bd6 12. Re1 c5 13. Ng6 Qc6 14. d5 Qa6 15. Nxf8 Kxf8 16. Qh5 Bd7 17. Qxh7 f6 18. Qh8+ Kf7 19. Qxa8 c6 20. Qd8 Qb7 21. Ne4 Bb8 22. Nxc5 Qc8 23. Qxd7+ Qxd7 24. Nxd7 Bd6 25. dxc6 a5 26. b3 g5 27. Bb2 f5 28. Rad1 Bc7 29. Nc5 Kg6 30. Rd7 Bb6 31. Re6+ Kh5 32. Rh7+ Kg4 33. h3+ Kf4 34. Bc1# 1-0